CBSE QUESTION BANK-10 (SCIENCE) (Record no. 12750)

MARC details
000 -LEADER
fixed length control field 00255nam a22000977a 4500
008 - FIXED-LENGTH DATA ELEMENTS--GENERAL INFORMATION
fixed length control field 250424b |||||||| |||| 00| 0 eng d
020 ## - INTERNATIONAL STANDARD BOOK NUMBER
International Standard Book Number 9789362397225
100 ## - MAIN ENTRY--PERSONAL NAME
Personal name Oswaal
9 (RLIN) 7599
245 ## - TITLE STATEMENT
Title CBSE QUESTION BANK-10 (SCIENCE)
260 ## - PUBLICATION, DISTRIBUTION, ETC. (IMPRINT)
Place of publication, distribution, etc. New Delhi
Name of publisher, distributor, etc. Oswaal books
Holdings
Withdrawn status Lost status Source of classification or shelving scheme Damaged status Koha normalized classification for sorting Not for loan Home library Current library Shelving location Date acquired Total Checkouts Full call number Barcode Date last seen Date last checked out Price effective from Koha item type
    Dewey Decimal Classification   OSW_500_000000000000000   Good Samaritan School Library Good Samaritan School Library Science 04/24/2025 7 OSW500 OSW18122 01/17/2026 11/19/2025 04/24/2025 BOOK

Powered by Koha